MARC details
| 000 -LEADER |
| fixed length control field |
00996nas a2200313 a 4500 |
| 001 - CONTROL NUMBER |
| control field |
vtls001216500 |
| 003 - CONTROL NUMBER IDENTIFIER |
| control field |
NLI |
| 005 - DATE AND TIME OF LATEST TRANSACTION |
| control field |
20210603170439.0 |
| 008 - FIXED-LENGTH DATA ELEMENTS--GENERAL INFORMATION |
| fixed length control field |
120525d18841893ii an p s000 0|eng |
| 039 #9 - LEVEL OF BIBLIOGRAPHIC CONTROL AND CODING DETAIL [OBSOLETE] |
| Level of rules in bibliographic description |
201205252211 |
| Level of effort used to assign nonsubject heading access points |
VLOAD |
| -- |
201203282046 |
| -- |
VLOAD |
| 040 0# - CATALOGING SOURCE |
| Original cataloging agency |
NLI |
| Language of cataloging |
eng |
| Transcribing agency |
Datasoft_IOD |
| Description conventions |
AACR2 |
| 041 0# - LANGUAGE CODE |
| Language code of text/sound track or separate title |
eng |
| 044 ## - COUNTRY OF PUBLISHING/PRODUCING ENTITY CODE |
| MARC country code |
ii |
| 082 04 - DEWEY DECIMAL CLASSIFICATION NUMBER |
| Classification number |
352.5 |
| 090 ## - LOCALLY ASSIGNED LC-TYPE CALL NUMBER (OCLC); LOCAL CALL NUMBER (RLIN) |
| Classification number (OCLC) (R) ; Classification number, CALL (RLIN) (NR) |
m |
| 110 1# - MAIN ENTRY--CORPORATE NAME |
| Corporate name or jurisdiction name as entry element |
Coorg (India, British). |
| Subordinate unit |
Public works Department. |
| -- |
Building and Roads Branch |
| 9 (RLIN) |
654291 |
| 245 10 - TITLE STATEMENT |
| Title |
Imperial military works, annual finance accouts / |
| Statement of responsibility, etc. |
Building and Roads Branch, Public Works Department, Government of Coorg |
| 260 ## - PUBLICATION, DISTRIBUTION, ETC. |
| Place of publication, distribution, etc. |
Coory : |
| Name of publisher, distributor, etc. |
The Author, |
| Date of publication, distribution, etc. |
1884-1893 |
| 300 ## - PHYSICAL DESCRIPTION |
| Extent |
-v ; |
| Dimensions |
32 cm. |
| 310 ## - CURRENT PUBLICATION FREQUENCY |
| Current publication frequency |
Annual |
| 362 0# - DATES OF PUBLICATION AND/OR SEQUENTIAL DESIGNATION |
| Dates of publication and/or sequential designation |
1882-83 - 1891-92 |
| 500 ## - GENERAL NOTE |
| General note |
Library has : |
| 650 #0 - SUBJECT ADDED ENTRY--TOPICAL TERM |
| Topical term or geographic name entry element |
Public works |
| Geographic subdivision |
India |
| -- |
Coorg |
| 9 (RLIN) |
654292 |
| 887 ## - NON-MARC INFORMATION FIELD |
| Content of non-MARC field |
|
| 901 ## - LOCAL DATA ELEMENT A, LDA (RLIN) |
| a |
IMP66605 date |
| b |
5.8.1910 |
| 9 |
1882-83 |
| 901 ## - LOCAL DATA ELEMENT A, LDA (RLIN) |
| a |
IMP66607 date |
| b |
5.8.1910 |
| 9 |
1885-86 |
| 902 ## - LOCAL DATA ELEMENT B, LDB (RLIN) |
| a |
GP 352.5(5453) C788 |
| 942 ## - ADDED ENTRY ELEMENTS (KOHA) |
| Source of classification or shelving scheme |
Dewey Decimal Classification |
| Koha item type |
Books |